000 00730nam a2200217Ia 4500
001 4245
003 GE_BSU
008 181216s||||||||xx |||||||||||||| ||und||
040 _cGE_BSU
080 _a665.6.081.3(075.8)
100 _aБенашвили, Е.М.
245 _aРазделение углеродных и гетероатомных соединений нефти.
245 _cРед. акад. ан груз.ССР Л.Д.Меликадзе.
260 _aТб.
260 _bМецниереба.
260 _c1987.
300 _a148стр. 19см.
300 _eтабл.
653 _aРазделение углеродных и гетероатомных соединений нефти.
942 _cBK
999 _c38255
_d38255